书目信息 |
| 题名: |
大学物理学习题讨论棵指导(上册)
|
|
| 作者: | 沈慧君 王虎珠 编著 | |
| 分册: | ||
| 出版信息: | 北京 清华大学出版社 1991.07 |
|
| 页数: | 322页 | |
| 开本: | 16开 | |
| 丛书名: | ||
| 单 册: | ||
| 中图分类: | O4 | |
| 科图分类: | ||
| 主题词: | 物理学 | |
| 电子资源: | ||
| ISBN: | 7-302-00849-3 | |
| 000 | 00614nam0 2200193 45 | |
| 001 | 0003201673 | |
| 005 | 20001125154432.7 | |
| 010 | @a7-302-00849-3@d9.50元 | |
| 100 | @a20000320d1991 km y0chiy0120 ea | |
| 101 | @achi | |
| 105 | @a z 000yy | |
| 200 | 1 | @a大学物理学习题讨论棵指导(上册)@ADa Xue Wu Li XueXi Ti Tao Lun Ke Zhi Dao(Shang Ce)@f沈慧君 王虎珠编著@FShen Hui Jun Wang Hu Zhu Bian Zhu |
| 210 | @a北京@c清华大学出版社@d1991.07 | |
| 215 | @a322页@d16开 | |
| 606 | 0 | @a物理学 |
| 690 | @aO4@v3 | |
| 701 | @a沈慧君 王虎珠@4编著 | |
| 801 | @aCN@bPftUser@c20000320 | |
| 905 | @dO4@eSH346:1/1@b504230-234@f5 | |
| 大学物理学习题讨论棵指导(上册)/沈慧君 王虎珠编著.-北京:清华大学出版社,1991.07 |
| 322页;16开 |
| ISBN 7-302-00849-3:9.50元 |
| ● |
| 相关链接 |
|
|
|
正题名:大学物理学习题讨论棵指导(上册)
索取号:O4/SH346:1/1
 
预约/预借
| 序号 | 登录号 | 条形码 | 馆藏地/架位号 | 状态 | 备注 |
| 1 | 504230 | 205042309 | 自科二线504/504自科库 9排3列4层/ [索取号:O4/SH346:1/1] | 在馆 | |
| 2 | 504231 | 205042318 | 自科二线504/504自科库 48排3列2层/ [索取号:O4/SH346:1/1] | 在馆 | |
| 3 | 504232 | 205042327 | 自科二线504/504自科库 9排4列5层/ [索取号:O4/SH346:1/1] | 在馆 | |
| 4 | 504233 | 205042336 | 自科二线504/504自科库 48排3列2层/ [索取号:O4/SH346:1/1] | 在馆 | |
| 5 | 504234 | 205042345 | 自科二线504/504自科库 9排3列4层/ [索取号:O4/SH346:1/1] | 在馆 |